El paradigma económico de la nanotecnología /
Wedi'i Gadw mewn:
| Prif Awdur: | |
|---|---|
| Fformat: | Texto |
| Tagiau: |
Ychwanegu Tag
Dim Tagiau, Byddwch y cyntaf i dagio'r cofnod hwn!
|
MARC
| LEADER | 00000 a a2200000 04500 | ||
|---|---|---|---|
| 001 | 3641 | ||
| 003 | |||
| 040 | |||
| 100 | |a Delgado Ramos, Gian Carlo | ||
| 245 | |a El paradigma económico de la nanotecnología / |c Gian Carlo Delgado Ramos | ||
| 773 | |g volumen 57, número 7; páginas 546-561 | ||
| 999 | |c 28919 |d 28919 | ||
